|
|
|
|
| LEADER |
00820nas a22002052a 4500 |
| 001 |
000122521 |
| 003 |
CZ BrMZK |
| 005 |
20060329123804.0 |
| 008 |
970107u1992uuuuxr f cze d |
| 040 |
|
|
|a BOA001
|b cze
|
| 080 |
|
|
|a 37.014.521(437.1)
|2 MRF
|
| 245 |
0 |
0 |
|a Církevní školy v České republice /
|c zpracoval Radovan Smolka.
|
| 260 |
|
|
|a Praha :
|b Ústav pro informace ve vzdělávání,
|c 1992-
|
| 300 |
|
|
|a ^^^sv.
|
| 700 |
1 |
|
|a Smolka, Radovan
|7 jx20040805038
|
| 910 |
|
|
|a BOA001
|b PK-0118.830
|r 1992-93
|
| 964 |
|
|
|a Školy církevní - Česko - přehledy
|
| 990 |
|
|
|a SE
|
| 996 |
6 |
|
|b 3119915263
|c PK-0118.830
|d 1992-93
|y 1992-1993
|l MZK
|r Sklad / do 1 hodiny
|n 9
|w 000122521
|u 000020
|a 1
|e BOA001
|j MZK50
|s P
|
| 996 |
6 |
|
|b 3119955244
|c PK-0118.830
|d 1992-93
|y 1992-1993
|l MZK
|r Sklad / do 1 hodiny
|n 9
|w 000122521
|u 000010
|a 1
|e BOA001
|j MZK50
|s P
|